Vorkouta - Choix Multiples - Statistiques

Statistiques générales
  • Ce quiz a été pris 9 fois
  • Le résultat moyen est 7 sur 10
Statistiques - réponses
Question Réponse % Correct
Parmi ces 4 monuments. Lequel est situé dans la ville de Vorgachor, situé à 20 km au Nord-ouest de Vorkouta ?
100%
Qu'est-ce qui est possible d'acheté pour environ 1300€ à Vorkouta ? Un logement abandonné
100%
Comment s'écrit Vorkouta en langue Komi ? Вöркута
83%
Dans quel jeu vidéo Vorkouta est elle présente en tant que niveau ? Call of Duty : Black Ops
67%
Vortouka est géographiquement et politiquement en Europe ou en Asie ? Europe
67%
Dans quel sujet fédéral de Russie, se situe Vorkouta ? République des Komi
67%
En quelle année a été fondé Vorkouta ? 1936
50%
Surnom que l'on donne à la ville à cause de son goulag La guillotine glacée
50%
Massif montagneux de Russie situé non loin de Vorkouta L'Oural
50%
La ville fut construite pour l'exploitation de quelle matière première ? Charbon
33%
Aucun quiz correspondant
Distribution des résultats
% des personnes avec chaque résultat
Percentile par nombre de réponses
Votre historique - résultats
Vous n’avez pas pris ce quiz